[Event "PRO League Group Stage"]
[Site "chess.com INT"]
[Date "2020.02.03"]
[Round "5"]
[White "Zierk, Steven"]
[Black "Fier, Alexandr"]
[Result "0-1"]
[WhiteTitle "GM"]
[BlackTitle "GM"]
[WhiteElo "2509"]
[BlackElo "2528"]
[WhiteTeam "California Unicorns"]
[BlackTeam "Brazil Capybaras"]
[WhiteFideId "2034255"]
[BlackFideId "2107139"]
[EventDate "2020.01.06"]

1. e4 c5 2. Nf3 a6 3. b3 e6 4. Bb2 Nc6 5. Be2 Qc7 6. O-O Nge7 7. Re1 Ng6 8. g3
h5 9. h4 b6 10. Ng5 Bd6 11. Bxh5 Bxg3 12. Bxg6 fxg6 13. Qf3 Bf4 14. Qg4 O-O 15.
Nf3 d5 16. Qxg6 d4 17. d3 Ne5 18. Nxe5 Qxe5 19. Na3 b5 20. Bc1 Bd7 21. Bxf4 Rxf4
22. Qg5 Qc7 23. Re2 e5 24. Kh2 Raf8 25. Rg1 Be8 26. Nb1 R8f6 27. h5 Qe7 28. Nd2
Rxf2+ 29. Rg2 Rxe2 30. Rxe2 Rf2+ 0-1

[Event "PRO League Group Stage"]
[Site "chess.com INT"]
[Date "2020.02.03"]
[Round "5"]
[White "Nyzhnyk, Illya"]
[Black "Jones, Gawain C B"]
[Result "0-1"]
[WhiteTitle "GM"]
[BlackTitle "GM"]
[WhiteElo "2662"]
[BlackElo "2679"]
[WhiteTeam "Chicago Wind"]
[BlackTeam "U.K. Lions"]
[WhiteFideId "14118084"]
[BlackFideId "409561"]
[EventDate "2020.01.06"]

1. Nf3 g6 2. g3 Bg7 3. Bg2 c5 4. O-O Nc6 5. d3 d5 6. Nc3 Nf6 7. e4 O-O 8. h3 h6
9. Bf4 Be6 10. Qe2 Rc8 11. g4 dxe4 12. dxe4 Nd4 13. Qd3 Qb6 14. Rab1 Rfd8 15.
Rfe1 g5 16. Bh2 Qb4 17. a3 Qc4 18. Qxc4 Bxc4 19. Rbc1 e6 20. Nd2 Ba6 21. e5 Nd5
22. Nxd5 exd5 23. c4 dxc4 24. Nxc4 Bf8 25. f4 gxf4 26. Bxf4 Bxc4 27. Rxc4 b5 28.
Rcc1 c4 29. Be4 Ne6 30. Be3 Bc5 31. Rc2 Bxe3+ 32. Rxe3 Rd1+ 33. Kh2 Rcd8 34. Kg3
Rf1 35. Bg2 Rb1 36. Rf2 Nc5 37. Be4 Rg1+ 38. Kh4 Kg7 39. Bc2 Ne6 40. Bf5 Ng5 41.
e6 fxe6 42. Bxe6 Re8 43. Rfe2 Rh1 44. Bd7 Rxh3+ 45. Rxh3 Rxe2 46. Rh1 Rxb2 47.
Rc1 Rb3 48. Rh1 a6 49. Bf5 Rxa3 0-1

[Event "PRO League Group Stage"]
[Site "chess.com INT"]
[Date "2020.02.03"]
[Round "5"]
[White "Cori, Jorge"]
[Black "Tabatabaei, M.amin"]
[Result "1-0"]
[WhiteTitle "GM"]
[BlackTitle "GM"]
[WhiteElo "2652"]
[BlackElo "2638"]
[WhiteTeam "Chicago Wind"]
[BlackTeam "U.K. Lions"]
[WhiteFideId "3802272"]
[BlackFideId "12521213"]
[EventDate "2020.01.06"]

1. d4 Nf6 2. Nf3 d5 3. c4 e6 4. Nc3 Bb4 5. e3 O-O 6. cxd5 exd5 7. Bd3 Nbd7 8.
O-O Bd6 9. Rb1 c6 10. b4 a6 11. a4 Re8 12. Qb3 Ne4 13. Ne2 b5 14. a5 Nf8 15. Ne5
Bxe5 16. dxe5 Rxe5 17. Bb2 Rg5 18. f4 Rg6 19. f5 Rg5 20. Bxe4 dxe4 21. Rbd1 Qc7
22. Ng3 Bd7 23. Qc3 Re8 24. Qd4 Rxg3 25. hxg3 Qxg3 26. Rf4 Qg5 27. Rdf1 h5 28.
Rxe4 Rxe4 29. Qxe4 f6 30. Bd4 h4 31. Bc5 Qh5 32. Qe7 Qf7 33. e4 Qxe7 34. Bxe7
Kf7 35. Bc5 Nh7 36. Rd1 Ke8 37. Kf2 Ng5 38. Ke3 Nf7 39. Rh1 Ne5 40. Rxh4 Kf7 41.
Kd4 Be8 42. Bd6 Nc4 43. Bc5 Ne5 44. Rh8 Nd7 45. Bd6 1-0

[Event "PRO League Group Stage"]
[Site "chess.com INT"]
[Date "2020.02.03"]
[Round "5"]
[White "Tan, Justin2"]
[Black "Quesada Perez, Yuniesky"]
[Result "0-1"]
[WhiteTitle "GM"]
[BlackTitle "GM"]
[WhiteElo "2511"]
[BlackElo "2601"]
[WhiteTeam "U.K. Lions"]
[BlackTeam "Chicago Wind"]
[WhiteFideId "3206882"]
[BlackFideId "3504409"]
[EventDate "2020.01.06"]

1. e4 e5 2. Nf3 Nc6 3. Bb5 Nf6 4. d3 d6 5. O-O Be7 6. c4 O-O 7. h3 Nd7 8. Nc3
Nc5 9. Bxc6 bxc6 10. d4 exd4 11. Nxd4 Bd7 12. Be3 Bf6 13. Qc2 Re8 14. Rfe1 a5
15. Rad1 Qc8 16. Nde2 Na6 17. Bd4 Be7 18. Ng3 Nb4 19. Qc1 c5 20. Bxg7 Kxg7 21.
Nh5+ Kh8 22. Nd5 Bf8 23. Qc3+ Re5 24. Ndf6 Nxa2 25. Qg3 Bh6 26. f4 Rxh5 27. Nxh5
Qg8 28. Qh4 Qg6 29. Rd3 Bg7 30. Rg3 Bd4+ 31. Kh1 Qh6 32. Rf1 Bc6 33. e5 Nb4 34.
Qg4 Qg6 35. Qh4 Qh6 36. Qg4 dxe5 37. fxe5 Bxe5 38. Rxf7 Rd8 39. Qf5 Bxg3 40.
Rxh7+ Kg8 41. Qg4+ Kxh7 0-1

[Event "PRO League Group Stage"]
[Site "chess.com INT"]
[Date "2020.02.03"]
[Round "5"]
[White "Berchtenbreiter, Maximilian"]
[Black "Tang, Andrew"]
[Result "1-0"]
[WhiteTitle "IM"]
[BlackTitle "GM"]
[WhiteElo "2488"]
[BlackElo "2521"]
[WhiteTeam "U.K. Lions"]
[BlackTeam "Chicago Wind"]
[WhiteFideId "24641120"]
[BlackFideId "2059630"]
[EventDate "2020.01.06"]

1. e4 e5 2. Nf3 Nc6 3. Bb5 g6 4. O-O Bg7 5. c3 a6 6. Ba4 b5 7. Bc2 d6 8. a4 b4
9. a5 Nge7 10. h3 O-O 11. d4 bxc3 12. bxc3 exd4 13. cxd4 f5 14. Nc3 fxe4 15.
Bxe4 d5 16. Bc2 Bf5 17. Bb3 h6 18. Re1 Kh7 19. Ba3 Qd7 20. Ba4 Bxh3 21. Rxe7 Qg4
22. Rxg7+ Kxg7 23. Ne1 Qh4 24. Bxf8+ Rxf8 25. g3 Qf6 26. Ra2 Nxd4 27. Nxd5 Qe5
28. Ne3 h5 29. Rd2 c5 30. Rd3 h4 31. gxh4 Qf4 32. Qd2 Qxh4 33. Bd1 Rh8 34. Bf3
Bg4 35. Rxd4 Qh2+ 36. Kf1 Bh3+ 37. Ke2 cxd4 38. Qxd4+ Kh7 39. Nd3 Rc8 40. Qh4+
Kg7 41. Qe7+ Kh6 42. Qh4+ Kg7 43. Qd4+ Kh7 44. Nd5 Bf5 45. Nf6+ Kh6 46. Qe3+ Kg7
47. Qe7+ Kh6 48. Qh7+ Kg5 49. Qxh2 Kxf6 50. Qe5+ Kg5 51. Be4 1-0

[Event "PRO League Group Stage"]
[Site "chess.com INT"]
[Date "2020.02.03"]
[Round "5"]
[White "Fedoseev, Vladimir3"]
[Black "Flores, Diego"]
[Result "1-0"]
[WhiteTitle "GM"]
[BlackTitle "GM"]
[WhiteElo "2671"]
[BlackElo "2599"]
[WhiteTeam "New York Marshalls"]
[BlackTeam "Argentina Krakens"]
[WhiteFideId "24130737"]
[BlackFideId "108049"]
[EventDate "2020.01.06"]

1. e4 c5 2. Nf3 e6 3. d4 cxd4 4. Nxd4 a6 5. c4 Nf6 6. Nc3 Qc7 7. Be2 b6 8. f4
Bb7 9. e5 Ne4 10. Nxe4 Bxe4 11. Bf3 Bxf3 12. Qxf3 Bb4+ 13. Kf2 O-O 14. Be3 Ra7
15. Rac1 d6 16. c5 bxc5 17. a3 cxd4 18. Rxc7 dxe3+ 19. Qxe3 Rxc7 20. axb4 Rc2+
21. Kg3 dxe5 22. Qxe5 Nd7 23. Qd4 Nf6 24. Ra1 Rd2 25. Qc4 h5 26. Rxa6 Rfd8 27.
h3 h4+ 28. Kh2 Nd5 29. Qe4 Rxb2 30. f5 Rxb4 31. Qe5 Nf4 32. Rd6 Rdb8 33. Rd7 Rf8
34. Qd6 Re4 35. Rd8 Rxd8 36. Qxd8+ Kh7 37. Qxh4+ Kg8 38. Qd8+ Kh7 39. Qe7 exf5
40. Qxf7 Re5 41. g4 1-0

[Event "PRO League Group Stage"]
[Site "chess.com INT"]
[Date "2020.02.03"]
[Round "5"]
[White "Moranda, Wojciech"]
[Black "Pichot, Alan"]
[Result "1-0"]
[WhiteTitle "GM"]
[BlackTitle "GM"]
[WhiteElo "2601"]
[BlackElo "2606"]
[WhiteTeam "New York Marshalls"]
[BlackTeam "Argentina Krakens"]
[WhiteFideId "1122401"]
[BlackFideId "110973"]
[EventDate "2020.01.06"]

1. d4 Nf6 2. c4 e6 3. Nc3 d5 4. cxd5 Nxd5 5. Nf3 c5 6. g3 Nxc3 7. bxc3 cxd4 8.
cxd4 Bb4+ 9. Bd2 Bxd2+ 10. Qxd2 b6 11. Bg2 Bb7 12. O-O O-O 13. Rac1 Nd7 14. Qb2
Nf6 15. Rc3 Rc8 16. Rfc1 Rxc3 17. Qxc3 Bd5 18. a3 Qd6 19. Ne5 h6 20. Qb4 Qd8 21.
Nc6 Bxc6 22. Rxc6 Qd7 23. Qc4 Qe7 24. Qc1 Rd8 25. e3 Rd7 26. Rc8+ Kh7 27. Bc6
Rd6 28. Rc7 Qf8 29. Rxa7 Nd5 30. Qc2+ g6 31. Bxd5 Rxd5 32. Qc7 Rf5 33. Qxb6 Kg7
34. Qb2 Kh7 35. Rb7 Qc8 36. e4 Rf6 37. Rb8 Qc4 38. d5 Kg7 39. Rb4 Qd3 40. Rd4
Qa6 41. d6 e5 42. d7 1-0

[Event "PRO League Group Stage"]
[Site "chess.com INT"]
[Date "2020.02.03"]
[Round "5"]
[White "Perez Ponsa, Federico"]
[Black "Iturrizaga Bonelli, Eduardo"]
[Result "0-1"]
[WhiteTitle "GM"]
[BlackTitle "GM"]
[WhiteElo "2559"]
[BlackElo "2597"]
[WhiteTeam "Argentina Krakens"]
[BlackTeam "New York Marshalls"]
[WhiteFideId "117927"]
[BlackFideId "3901211"]
[EventDate "2020.01.06"]

1. d4 Nf6 2. Bg5 e6 3. e3 h6 4. Bh4 d5 5. Nd2 Be7 6. Bd3 c5 7. c3 Nc6 8. f4 g5
9. fxg5 hxg5 10. Bxg5 e5 11. dxe5 Nxe5 12. Bb5+ Bd7 13. Bxd7+ Qxd7 14. Ndf3 Ng6
15. Qd3 O-O-O 16. Bxf6 Bxf6 17. O-O-O Kb8 18. Ne2 Rhe8 19. Ng3 Re6 20. Rhe1 Qa4
21. a3 Rb6 22. Qc2 Qc4 23. Nd2 Qa6 24. Rf1 Ne5 25. Nb3 Bg5 26. Nf5 Qb5 27. h4
Bf6 28. Nh6 Bxh4 29. Nf5 Bg5 30. Na1 Nc4 31. b3 Nxa3 32. Qf2 Qa5 33. Qg3+ Ka8
34. Rd3 Bf6 35. Qc7 Nb5 36. Qxd8+ Bxd8 37. Nc2 Nxc3 38. Rh1 Bf6 39. b4 cxb4 0-1

[Event "PRO League Group Stage"]
[Site "chess.com INT"]
[Date "2020.02.03"]
[Round "5"]
[White "Obregon, Andres Carlos"]
[Black "Azarov, Sergei"]
[Result "0-1"]
[WhiteTitle "GM"]
[BlackTitle "GM"]
[WhiteElo "2525"]
[BlackElo "2597"]
[WhiteTeam "Argentina Krakens"]
[BlackTeam "New York Marshalls"]
[WhiteFideId "111724"]
[BlackFideId "13501470"]
[EventDate "2020.01.06"]

1. e4 e5 2. Nf3 Nc6 3. Bb5 a6 4. Ba4 Nf6 5. Bxc6 dxc6 6. d3 Nd7 7. Nbd2 Bd6 8.
Qe2 O-O 9. Nc4 Re8 10. Bd2 Nf8 11. Rg1 b6 12. g4 a5 13. h4 Ne6 14. O-O-O b5 15.
Ne3 a4 16. Nf5 b4 17. Kb1 b3 18. cxb3 axb3 19. a3 c5 20. Bc3 Nd4 21. Bxd4 cxd4
22. Nd2 Be6 23. Nc4 Bxc4 24. dxc4 Bxa3 25. Rg3 Bb4 26. Rxb3 c5 27. Ne3 Qxh4 28.
Nd5 Ra7 29. Rg3 Qg5 30. Kc2 Rea8 31. Qf3 Ra1 32. Rgg1 R1a2 33. Rd3 Bc3 34. Nxc3
dxc3 35. Rxc3 Rxb2+ 36. Kxb2 Qd2+ 37. Rc2 Rb8+ 38. Qb3 Qd4+ 39. Ka2 Ra8+ 40. Qa3
Rxa3+ 41. Kxa3 Qxe4 42. Kb3 g6 43. Rd2 Qb7+ 44. Kc2 Qb4 45. Rg3 Qxc4+ 46. Kb2
Qb4+ 47. Kc2 Qe4+ 48. Kb2 Kg7 49. g5 Qf4 50. Rc2 c4 51. Ka2 Qd4 52. Rgc3 Qf4 53.
Rg3 Qd4 54. Kb1 e4 55. Ka2 h6 56. gxh6+ Kxh6 57. Rgc3 Qa7+ 58. Kb1 Qb6+ 59. Kc1
f5 60. Rxc4 Qa5 61. Kd1 Qa1+ 62. Ke2 Qh1 63. R2c3 Kg5 64. Rg3+ Kf4 65. Rxg6 Qh5+ 0-1

[Event "PRO League Group Stage"]
[Site "chess.com INT"]
[Date "2020.02.03"]
[Round "5"]
[White "Abdusattorov, Nodirbek"]
[Black "Mekhitarian, Krikor Sevag"]
[Result "1-0"]
[WhiteTitle "GM"]
[BlackTitle "GM"]
[WhiteElo "2635"]
[BlackElo "2563"]
[WhiteTeam "California Unicorns"]
[BlackTeam "Brazil Capybaras"]
[WhiteFideId "14204118"]
[BlackFideId "2107660"]
[EventDate "2020.01.06"]

1. e4 e5 2. Nf3 Nc6 3. Bb5 Nf6 4. O-O Nxe4 5. Re1 Nd6 6. Nxe5 Be7 7. Bf1 Nxe5 8.
Rxe5 O-O 9. Nc3 Ne8 10. Nd5 Bd6 11. Re1 c6 12. Ne3 Bc7 13. Nf5 d5 14. Ne7+ Kh8
15. Nxc8 Rxc8 16. Qf3 f5 17. d3 Qd7 18. Bf4 Bxf4 19. Qxf4 Nd6 20. c4 dxc4 21.
dxc4 Ne4 22. Rad1 Qc7 23. Qxc7 Rxc7 24. Bd3 Nc5 25. Bxf5 Rcf7 26. Re5 Na4 27. b3
Nc3 28. Rd2 g6 29. Bg4 b5 30. Bf3 bxc4 31. bxc4 Rc7 32. Ra5 Rb8 33. g3 Rb4 34.
Rc2 Na4 35. Kg2 Nb2 36. Be2 Na4 37. a3 Rb2 38. Rxb2 Nxb2 39. Ra6 Kg7 40. c5 Kf6
41. Bb5 Ke5 42. Bxc6 Nd3 43. Ba8 Nxc5 44. Rc6 Rxc6 45. Bxc6 g5 46. Kf3 h6 47.
Ke3 Ne6 48. Be4 a5 49. Bc2 Nc7 50. f4+ gxf4+ 51. gxf4+ Kd6 52. Bb3 Nb5 53. a4
Nc7 54. Kd4 Na6 55. f5 Nc5 56. Bc2 Nd7 57. Kc4 Kc6 58. Be4+ Kd6 59. Kb5 Ke5 60.
Bc2 Nf6 61. Kxa5 Nd5 62. Kb5 Ne3 63. Bd3 Kd4 64. f6 Nd5 65. f7 Nc7+ 66. Kc6 Ne6
67. Kd6 Nf8 68. Ke7 1-0

[Event "PRO League Group Stage"]
[Site "chess.com INT"]
[Date "2020.02.03"]
[Round "5"]
[White "Naroditsky, Daniel"]
[Black "Do Valle Cardoso, Lucas"]
[Result "1/2-1/2"]
[WhiteTitle "GM"]
[WhiteElo "2621"]
[BlackElo "2228"]
[WhiteTeam "California Unicorns"]
[BlackTeam "Brazil Capybaras"]
[WhiteFideId "2026961"]
[BlackFideId "2163144"]
[EventDate "2020.01.06"]

1. d4 d5 2. Bf4 Nf6 3. Nc3 a6 4. e3 c5 5. dxc5 Nc6 6. Nf3 e6 7. Bd3 Bxc5 8. O-O
O-O 9. e4 dxe4 10. Nxe4 Be7 11. Nxf6+ Bxf6 12. Qe2 g6 13. Rad1 Qa5 14. c3 Qxa2
15. Bd6 Re8 16. Nd2 Qxb2 17. Rb1 Qxc3 18. Ne4 Qd4 19. Bc5 Qd8 20. Bb6 Qe7 21.
Bc5 Qd8 22. Bb6 Qe7 23. Bc5 Qd8 1/2-1/2

[Event "PRO League Group Stage"]
[Site "chess.com INT"]
[Date "2020.02.03"]
[Round "5"]
[White "Fier, Alexandr"]
[Black "Smirnov, Anton"]
[Result "1-0"]
[WhiteTitle "GM"]
[BlackTitle "GM"]
[WhiteElo "2528"]
[BlackElo "2604"]
[WhiteTeam "Brazil Capybaras"]
[BlackTeam "California Unicorns"]
[WhiteFideId "2107139"]
[BlackFideId "3208923"]
[EventDate "2020.01.06"]

1. c4 e5 2. Nc3 Nf6 3. Nf3 Nc6 4. e3 Bb4 5. Qc2 O-O 6. Nd5 Be7 7. a3 a5 8. Bd3
g6 9. h4 Ne8 10. h5 f5 11. hxg6 hxg6 12. b4 axb4 13. Bb2 bxa3 14. Bxe5 Nxe5 15.
Nxe5 Bf6 16. Nxg6 Bxa1 17. Nge7+ Kg7 18. Bxf5 Nf6 19. Bxd7 Rg8 20. Nxf6 Qxe7 21.
Qh7+ Kxf6 22. Qf5+ Kg7 23. Rh7# 1-0

[Event "PRO League Group Stage"]
[Site "chess.com INT"]
[Date "2020.02.03"]
[Round "5"]
[White "Santiago, Yago De Moura"]
[Black "Zierk, Steven"]
[Result "1/2-1/2"]
[WhiteTitle "GM"]
[BlackTitle "GM"]
[WhiteElo "2486"]
[BlackElo "2509"]
[WhiteTeam "Brazil Capybaras"]
[BlackTeam "California Unicorns"]
[WhiteFideId "2103877"]
[BlackFideId "2034255"]
[EventDate "2020.01.06"]

1. d4 d5 2. c4 dxc4 3. Nf3 Nf6 4. Qa4+ c6 5. Qxc4 Bf5 6. g3 e6 7. Bg2 Be7 8. O-O
O-O 9. Bf4 h6 10. Qb3 Qb6 11. Na3 Qxb3 12. axb3 Nd5 13. Bd2 Be4 14. Nc4 Nd7 15.
Rfc1 Rfc8 16. Nfe5 Bxg2 17. Nxd7 Bh3 18. f3 Rd8 19. Nc5 b6 20. Nd3 Bf6 21. Nce5
Ne7 22. e3 c5 23. Bc3 cxd4 24. exd4 Bf5 25. Nb4 a5 26. Nbc6 Nxc6 27. Nxc6 Rd5
28. Ne5 Rc8 29. Kf2 Rb5 30. Nc4 Rxb3 31. Nd6 Rd8 32. Nxf5 exf5 33. Rd1 b5 34.
Ra3 Rxa3 35. bxa3 a4 36. Ke3 Be7 37. Rb1 Bxa3 38. Rxb5 Ra8 39. Rxf5 Be7 40. Kd3
a3 41. Ra5 Rc8 42. Ra4 h5 43. f4 h4 44. g4 Bd6 45. d5 Kh7 46. Be5 Bf8 47. d6
Bxd6 48. Bxd6 Rd8 49. Rxa3 Rxd6+ 50. Ke4 Kh6 51. Ra5 g6 52. Ra2 Rb6 53. Kf3 Rb3+
54. Kg2 f5 55. g5+ Kh5 56. h3 Rg3+ 57. Kh2 Rf3 58. Ra4 Re3 59. Kg2 Rg3+ 60. Kh2
Re3 61. Kg2 Re2+ 62. Kg1 Re3 63. Kg2 1/2-1/2

[Event "PRO League Group Stage"]
[Site "chess.com INT"]
[Date "2020.02.05"]
[Round "5"]
[White "Xu, Xiangyu"]
[Black "Mamedyarov, Shakhriyar"]
[Result "1-0"]
[WhiteTitle "GM"]
[BlackTitle "GM"]
[WhiteElo "2580"]
[BlackElo "2770"]
[WhiteTeam "China Pandas"]
[BlackTeam "India Yogis"]
[WhiteFideId "8608288"]
[BlackFideId "13401319"]
[EventDate "2020.01.06"]

1. d4 Nf6 2. Bf4 d6 3. Nc3 c6 4. Nf3 Nbd7 5. e4 Qa5 6. Bd3 e5 7. Bg3 Nh5 8. Bh4
h6 9. O-O g5 10. Nd2 exd4 11. Nb3 Qe5 12. Qxh5 gxh4 13. Qxe5+ dxe5 14. Ne2 Nc5
15. f4 Nxd3 16. cxd3 Bg4 17. Nec1 f6 18. Na5 O-O-O 19. fxe5 fxe5 20. Ncb3 Be2
21. Rf7 Rd7 22. Rxd7 Kxd7 23. Nxb7 Kc7 24. N7c5 Be7 25. Re1 Bg4 26. h3 Bc8 27.
Rc1 Rg8 28. Kh1 Rf8 29. Na5 Bg5 30. Rd1 Rf2 31. Nc4 Bf4 32. Kg1 Rc2 33. Rf1 Kd8
34. Rf2 Rc1+ 35. Rf1 Bh2+ 36. Kf2 Bg3+ 37. Ke2 Rc2+ 38. Kd1 Rxg2 39. Rf8+ Kc7
40. Rf7+ Kd8 41. Rf8+ Kc7 42. Rf7+ Kd8 43. Nd6 Bf4 44. Rh7 Rg8 45. b4 Bg5 46.
Rxa7 Be7 47. Nf7+ Ke8 48. Nxe5 Bxc5 49. bxc5 Rg1+ 50. Kc2 Bxh3 51. Rh7 Rg5 52.
Rh8+ Ke7 53. Nxc6+ Kf7 54. Rxh6 Rxc5+ 55. Kb2 Bf1 56. Nxd4 Bxd3 57. Rxh4 Kf6 58.
Nb3 1-0

[Event "PRO League Group Stage"]
[Site "chess.com INT"]
[Date "2020.02.05"]
[Round "5"]
[White "Zhao, Jun"]
[Black "Harikrishna, Pentala"]
[Result "1-0"]
[WhiteTitle "GM"]
[BlackTitle "GM"]
[WhiteElo "2638"]
[BlackElo "2716"]
[WhiteTeam "China Pandas"]
[BlackTeam "India Yogis"]
[WhiteFideId "8602522"]
[BlackFideId "5007003"]
[EventDate "2020.01.06"]

1. d4 Nf6 2. c4 e6 3. Nc3 Bb4 4. e3 O-O 5. Ne2 c6 6. a3 Ba5 7. b4 Bc7 8. e4 d6
9. Ng3 a5 10. Rb1 axb4 11. axb4 e5 12. d5 Bb6 13. Be2 Bd4 14. Bd2 Nbd7 15. O-O
Nb6 16. Bd3 Ng4 17. Nce2 Qh4 18. h3 Bxf2+ 19. Rxf2 Nxf2 20. Kxf2 f5 21. exf5
Nxc4 22. dxc6 Bxf5 23. Bxf5 Rxf5+ 24. Kg1 Rf7 25. cxb7 Rxb7 26. Bg5 Qxg5 27.
Qd5+ Kh8 28. Qxb7 Rf8 29. Qd5 Ne3 30. Qxd6 Rd8 31. Qb6 Nc4 32. Qc5 Nd2 33. Rd1
h5 34. Qc2 Qe3+ 35. Kh2 Rd3 36. Qc8+ Kh7 37. Qf5+ g6 38. Qf7+ Kh6 39. Qf8+ Kh7
40. Ra1 e4 41. Qe7+ Kh6 42. Nf5+ 1-0

[Event "PRO League Group Stage"]
[Site "chess.com INT"]
[Date "2020.02.05"]
[Round "5"]
[White "Ganguly, Surya Shekhar"]
[Black "Wang, Yue"]
[Result "1-0"]
[WhiteTitle "GM"]
[BlackTitle "GM"]
[WhiteElo "2636"]
[BlackElo "2669"]
[WhiteTeam "India Yogis"]
[BlackTeam "China Pandas"]
[WhiteFideId "5002150"]
[BlackFideId "8601429"]
[EventDate "2020.01.06"]

1. e4 e5 2. Nf3 Nf6 3. Nxe5 d6 4. Nf3 Nxe4 5. d4 d5 6. Bd3 Nc6 7. O-O Be7 8.
Nbd2 Nxd2 9. Bxd2 Bg4 10. c3 Qd7 11. h3 Bf5 12. Bf4 Bxd3 13. Qxd3 O-O 14. Rfe1
Rfe8 15. Re2 Bd6 16. Bxd6 Rxe2 17. Qxe2 Qxd6 18. Re1 Qd7 19. b4 a6 20. a4 f6 21.
Nd2 Kf8 22. Nb3 b6 23. Qh5 g6 24. Qh6+ Kg8 25. Qf4 Kf7 26. Nc1 Qd6 27. Qh6 Rh8
28. Nd3 Ne7 29. g4 g5 30. h4 gxh4 31. Nf4 Rg8 32. Qxh7+ Rg7 33. Qh5+ Ng6 34.
Nxd5 Kf8 35. Qf5 Ne7 36. Nxe7 Rxe7 37. Re5 Kg7 38. Rxe7+ Qxe7 39. Kg2 Qe2 40.
Qf3 Qd2 41. Qe3 Qc2 42. Qe7+ Kg6 43. Qe8+ Kg7 44. Qd7+ Kg6 45. Qc6 1-0

[Event "PRO League Group Stage"]
[Site "chess.com INT"]
[Date "2020.02.05"]
[Round "5"]
[White "Harikrishna, Pentala"]
[Black "Xu, Xiangyu"]
[Result "1-0"]
[WhiteTitle "GM"]
[BlackTitle "GM"]
[WhiteElo "2716"]
[BlackElo "2580"]
[WhiteTeam "India Yogis"]
[BlackTeam "China Pandas"]
[WhiteFideId "5007003"]
[BlackFideId "8608288"]
[EventDate "2020.01.06"]

1. e4 e5 2. Nf3 Nf6 3. d4 Nxe4 4. dxe5 d5 5. Nbd2 Qd7 6. Bd3 Nc5 7. Be2 Nc6 8.
O-O Be7 9. Nb3 Ne4 10. c4 dxc4 11. Bxc4 Qxd1 12. Rxd1 Be6 13. Bxe6 fxe6 14. Be3
h6 15. Rac1 Rd8 16. Rxd8+ Kxd8 17. h4 1-0

[Event "PRO League Group Stage"]
[Site "chess.com INT"]
[Date "2020.02.05"]
[Round "5"]
[White "Wang, Yue"]
[Black "Narayanan, S.L."]
[Result "0-1"]
[WhiteTitle "GM"]
[BlackTitle "GM"]
[WhiteElo "2669"]
[BlackElo "2637"]
[WhiteTeam "China Pandas"]
[BlackTeam "India Yogis"]
[WhiteFideId "8601429"]
[BlackFideId "5058422"]
[EventDate "2020.01.06"]

1. d4 Nf6 2. c4 g6 3. Nf3 Bg7 4. e3 O-O 5. Be2 d6 6. Nc3 Nbd7 7. b4 e5 8. Bb2
Re8 9. a4 a5 10. b5 exd4 11. exd4 Nb6 12. O-O Be6 13. Nd2 c6 14. Re1 h5 15. h3
Nh7 16. Nce4 Ng5 17. Nxg5 Qxg5 18. Ne4 Qd8 19. c5 dxc5 20. Nxc5 Qg5 21. Qc1 Qxc1
22. Raxc1 Bc4 23. Kf1 Rxe2 24. Rxe2 cxb5 25. axb5 Bxb5 26. Nxb7 Nd5 27. Nd6
Bxe2+ 28. Kxe2 Nf4+ 29. Ke3 Nxg2+ 30. Ke4 f5+ 31. Kf3 Nh4+ 32. Kg3 f4+ 33. Kh2
Bxd4 34. Bxd4 Nf3+ 35. Kg2 Nxd4 36. Rc4 Ne6 37. Re4 Nc5 38. Rxf4 a4 39. Rc4 a3
40. Rxc5 a2 41. Rc1 a1=Q 42. Rxa1 Rxa1 43. Ne4 Kf7 44. h4 Ke6 45. f3 Ke5 46. Kg3
Rg1+ 47. Kf2 Ra1 48. Ng5 Ra4 49. Kg3 Kd4 50. Kf4 Kd3+ 51. Ne4 Ke2 52. Kg3 Ke3
53. Nf2 Rd4 54. Nh3 Rd1 55. Nf4 Rg1+ 56. Ng2+ Ke2 57. f4 Kf1 0-1

[Event "PRO League Group Stage"]
[Site "chess.com INT"]
[Date "2020.02.05"]
[Round "5"]
[White "Mamedyarov, Shakhriyar"]
[Black "Zhao, Jun"]
[Result "1/2-1/2"]
[WhiteTitle "GM"]
[BlackTitle "GM"]
[WhiteElo "2770"]
[BlackElo "2638"]
[WhiteTeam "India Yogis"]
[BlackTeam "China Pandas"]
[WhiteFideId "13401319"]
[BlackFideId "8602522"]
[EventDate "2020.01.06"]

1. d4 Nf6 2. c4 e6 3. Nc3 d5 4. Nf3 Nbd7 5. Bf4 dxc4 6. e3 a6 7. a4 Bd6 8. Bxc4
Bxf4 9. exf4 O-O 10. O-O Nb6 11. Bd3 Nbd5 12. g3 b6 13. Re1 Bb7 14. Bf1 Qd6 15.
Bg2 Rab8 16. a5 Nxc3 17. bxc3 b5 18. Re5 Nd7 19. Re3 c5 20. dxc5 Qxd1+ 21. Rxd1
Nxc5 22. Ne5 Rfd8 23. Rd4 f6 24. Nf3 Kf7 25. h4 Bxf3 26. Bxf3 Nb3 27. Rde4 Nd2
28. Bh5+ g6 29. Rxe6 gxh5 30. Rxa6 Ra8 31. Rb6 Nc4 32. Rb7+ Kg6 33. Ree7 Rxa5
34. Rxh7 Rd2 35. f5+ Kxf5 36. Rxb5+ Kg4 37. Rxa5 Nxa5 38. Rh6 Kh3 39. Kf1 Nc4
40. Rxh5 Kg4 41. Rc5 Ne5 42. Kg2 Rxf2+ 43. Kxf2 Nd3+ 44. Ke3 Nxc5 45. c4 Ne6 46.
Ke4 f5+ 47. Ke5 Nc5 48. h5 Kxh5 49. Kxf5 Kh6 50. Kf6 Kh7 51. g4 Kg8 52. Ke7 Kg7
53. Kd6 Nb3 54. c5 Nxc5 55. Kxc5 Kg6 56. g5 Kxg5 1/2-1/2

[Event "PRO League Group Stage"]
[Site "chess.com INT"]
[Date "2020.02.05"]
[Round "5"]
[White "Wang, Yue"]
[Black "Mamedyarov, Shakhriyar"]
[Result "0-1"]
[WhiteTitle "GM"]
[BlackTitle "GM"]
[WhiteElo "2669"]
[BlackElo "2770"]
[WhiteTeam "China Pandas"]
[BlackTeam "India Yogis"]
[WhiteFideId "8601429"]
[BlackFideId "13401319"]
[EventDate "2020.01.06"]

1. d4 Nf6 2. c4 g6 3. Nc3 d5 4. cxd5 Nxd5 5. e4 Nxc3 6. bxc3 Bg7 7. Nf3 c5 8.
Bb5+ Nc6 9. O-O O-O 10. Be3 Bg4 11. Bxc6 bxc6 12. Rc1 Qa5 13. Qe2 Rab8 14. Rfd1
Rfd8 15. h3 Bxf3 16. gxf3 cxd4 17. cxd4 Bxd4 18. Rxc6 Bxe3 19. Rxd8+ Qxd8 20.
Qxe3 Qd1+ 21. Kg2 Rb1 22. Kg3 Qg1+ 23. Kh4 Rb2 24. Rc7 h6 25. Rxe7 Rb5 26. Re8+
Kh7 27. e5 Rb4+ 0-1